Statistics for 2017-18 NFL Rookie QBs

Click here to take the quiz!

General Stats

  • This quiz has been taken 268 times
    (233 since last reset)
  • The average score is 5 of 22

Answer Stats

Rd.Ovrll.TeamAnswer% Correct
110ChiefsPatrick Mahomes II
99%
112TexansDeshaun Watson
97%
12BearsMitchell Trubisky
91%
252BrownsDeShone Kizer
47%
4135SteelersJoshua Dobbs
25%
310449ersC.J. Beathard
22%
5171BillsNathan Peterman
22%
387GiantsDavis Webb
21%
7253BroncosChad Kelly
16%
FAFA49ersNick Mullens
15%
6215LionsBrad Kaaya
9%
FAFACowboysCooper Rush
6%
FAFAPackersTaysom Hill
6%
FAFABroncos/VikingsKyle Sloter
3%
FAFAEagles/PackersJerod Evans
1%
FAFAVikingsMitch Leidner
1%
FAFAColtsPhillip Walker
1%
FAFABuccaneersSefo Liufau
1%
FAFACardinals/FalconsTrevor Knight
1%
FAFAFalcons/RedskinsAlek Torgersen
0%
FAFAVikingsWes Lunt
0%
FAFARavensZach Terrell
0%

Score Distribution

Percentile by Number Answered

Percent of People with Each Score

Your Score History

You have not taken this quiz since the last reset